01492 a2200205 45000010006000000050017000060080041000230030015000640400040000790800040001192450036001592640045001953000019002405050804002591000024010637000019010877000032011067000029011388560119011672298420260407155520.0260407a1967 arg spa dAR-UNSa-BCEJYS aAR-UNSa-BCEJYSbspacAR-UNSa-BCEJYS a338.5.01xTeorías de los precios 10aManual de teoria de los precios 1aBuenos Aires :bAmorrortu Editoresc1967 a272 p.c22 cm. a1. Técnicas matemáticas y gráficas - 2. La demanda y el precio en la competencia perfecta - 3. Aplicación a la demanda de los conceptos totales, medios, marginales y de elasticidad - 4. Teoría de la demanda: enfoque clásico de la utilidad - 5. Teoría de la demanda: enfoque de las curvas de indiferencia - 6. Estructura de mercado - 7. Teoría de la producción - 8. Costos de producción - 9. Decisiones sobre precios y volumen de producción en la competencia perfecta - 10. Decisiones sobre precios y volumen de producción en el monopolio - 11. Decisiones sobre precios y volumen de producción en la competencia monopólica y en el oligopolio - 12. Determinación de los precios de los factores - 13. El equilibrio general - 14. Introducción a la programación lineal. 1 aLevenson, Albert M.1 aSolon, Babette1 aFernández López, Manuel1 aOyuela de Grant, Antonia41uhttps://biblioeco.unsa.edu.ar/pmb/images/libros/Manual de Teoria de los Precios.jpgyImagen de portadaqimage/jpeg